|
|
|
|
| LEADER |
00888nam a2200241 a 4500 |
| 001 |
2088490 |
| 008 |
090618r2000 lau b 000 0 eng d |
| 010 |
|
|
|a 95034489
|
| 020 |
|
|
|a 9788186112663
|
| 040 |
|
|
|a DLC
|c DLC
|d DLC
|
| 082 |
0 |
0 |
|a 658.4/092
|2 20
|
| 100 |
1 |
|
|a Fellers, Gary,
|d 1951-
|
| 245 |
1 |
0 |
|a Creativity for leaders /
|c Gary Fellers.
|
| 260 |
|
|
|a Gretna, La. ;
|a New Delhi:
|b Pelican Pub. Co.;
|b UBSPD,
|c 1996[reprinted 2000].
|
| 300 |
|
|
|a xiii, 104 p. ;
|c 22 cm.
|
| 504 |
|
|
|a Includes bibliographical references (p. 105-108).
|
| 541 |
1 |
|
|e 00009551
|
| 650 |
|
0 |
|a Leadership.
|
| 650 |
|
0 |
|a Creative ability.
|
| 650 |
|
0 |
|a Creative thinking.
|
| 852 |
4 |
|
|a Ayesha Abed Library
|j General Shelf.
|
| 999 |
|
|
|c 1790
|d 1790
|
| 952 |
|
|
|0 0
|1 4
|2 ddc
|4 0
|6 658_409200000000000_FEL
|7 0
|9 18294
|a BRACUL
|b BRACUL
|c GEN
|d 2011-09-29
|l 0
|o 658.4092 FEL
|p 3010009551
|r 2011-09-29
|t 1
|w 2011-09-29
|y BK
|x Koha Inventory 2020
|